00825nam a22002057a 450000500170000000800420001702000270005902000270008605000210011310000340013424501470016825000110031526000530032630000280037949000440040750400280045160000530047965000440053265100430057620231013134212.0231013b mx |||||||| |||| 00| 0 spa d a968167412X (empastada) a9681673883 (rústica)04aJF1355bM86 20041 aMuñoz Gutiérrez, Ramón.10aInnovación gubernamental b: el paradigma de Buen Gobierno en la administración del Presidente Vicente Fox c/ Ramón Muñoz Gutiérrez a1a ed. aMéxico :bFondo de Cultura Económica,c2004. a465 p. :bil. ;c24 cm.0 aColección Administración Pública. aIncluye bibliografía.14aFox Quesada, VicentexAdministración pública 72lembaFuncionarios públicoszMéxico 4aMéxicoxPolítica y gobiernoy2001-